[Event "Turnier 40 / 120"]
[Site "Wien"]
[Date "2023.09.26"]
[Round "41"]
[White "Novag Star Diamond"]
[Black "Mephisto Lyon 68020"]
[Result "1-0"]
[WhiteElo "2161"]
[BlackElo "2172"]
[Annotator "Christian"]
[PlyCount "93"]
[EventDate "2023.??.??"]

{[%evp 0,52,19,38,89,89,79,48,44,33,42,56,56,63,51,46,57,44,41,46,53,49,41,57,38,56,99,87,113,89,98,86,108,96,104,89,190,204,183,197,209,194,233,247,259,247,317,320,321,303,329,333,332,348,325]} 1. e4 Nf6 2. e5 Nd5 3. d4 d6 4. Nf3 Bg4 5. Be2 e6 6. O-O Be7 7. c4 Nb6 8. Nc3 O-O 9. Be3 d5 10. c5 Bxf3 {Buchende} 11. gxf3 N6d7 {Buchbewertung Mephisto Lyon 68020: +0,18 / damit liegt er aber weit daneben lt. Stockfish, dieser findet die Eröffnung von Schwarz ganz schlecht und sieht Weiss bereits klar im Vorteil: -1,10} 12. b4 {Buchende} f6 {auch nicht ideal, besser ist b6, Stockfish -1,50} 13. f4 {Buchbewertung Novag Star Diamond: +0,19 sieht auch noch keinen grossen Vorteil} f5 {dieser Zug sieht für mich eigentlich logisch aus, blockiert den Doppelbauern, aber lt. Stockfish ist auch das nicht ideal, besser ist c6, Stockfish -1,80} 14. Qa4 a6 15. b5 Qe8 16. Kh1 c6 17. Rab1 Qg6 {besser ist Tf7, nach dem Textzug ist die Partie praktisch schon verloren, Stockfish -2,00} 18. bxc6 bxc6 19. Rb7 Qh6 $4 {ein absoluter Verlustzug, danach ist bereits alles verloren, Stockfish -3,30, deutlich mehr Widerstand leistet noch De8 mit ca. -2,00} 20. Rfb1 Rc8 $2 {deutlich schwächer als Dg6, Stockfish -4,00} 21. Qd1 Qh4 22. Na4 $1 {Novag Star Diamond: +1,11 / Stockfish +4,50} Bd8 {Mephisto Lyon 68020 sieht hingegen hier noch keinen Grund zur Besorgnis und verkennt völlig die Lage, Bewertung: -0,06 ??} 23. Nb6 $1 {richtig, Novag Star Diamond: +1,65} Bxb6 {Lyon 68020: -0,39} 24. cxb6 {Star Diamond: +1,73} Rf8 {Lyon 68020: -0,87} 25. Qb3 {Novag Star Diamond: +1,50} Qd8 {Lyon 68020: -0,84} 26. Qa3 {Star Diamond: +1,53 / Stockfisnh +4,70} Re8 {Lyon 68020: -1,03 / besser ist noch c5, Stockfish -6,30} 27. Qd6 $1 {Novag Star Diamond: +2,00} Nf8 {Lyon 68020: -1,06} 28. Rg1 {Star Diamond: +1,92 / stärker ist noch Dxd8, aber hier spielt es keine Rolle mehr, Stockfish +5,30} g6 {Lyon 68020: -0,81} 29. Qxd8 Rxd8 {Lyon 68020: -1,03 / Stockfish -6,00} 30. Rc7 {Star Diamond: + 1,73} Nfd7 {Lyon 68020: -1,36} 31. b7 {noch stärker ist Tb1, Stockfish +5,50} Ra7 32. Rb1 Re8 {Lyon 68020: -1,54} 33. Bd1 a5 34. Ba4 Ra6 35. Rc1 Kf7 36. Bxc6 Rxc6 37. R1xc6 Nxc6 38. Rxc6 Rb8 39. Rc7 Ke7 40. Bd2 a4 41. Bb4+ Kd8 42. Bd6 h6 43. Kg2 g5 44. h3 a3 45. Kf3 {schneller gewinnt natürlich Txd7+, das wäre schon Matt in 18 aber ist hier schon egal} gxf4 46. Kxf4 h5 47. Kg5 {Rest geschenkt} 1-0

[Event "Turnier 40 / 120"]
[Site "Wien"]
[Date "2023.09.27"]
[Round "42"]
[White "Mephisto Lyon 68020"]
[Black "Novag Star Diamond"]
[Result "0-1"]
[WhiteElo "2172"]
[BlackElo "2161"]
[Annotator "Christian"]
[PlyCount "118"]
[EventDate "2023.??.??"]

{[%evp 0,118,19,38,40,41,66,65,39,46,44,40,51,18,21,28,27,21,21,36,33,25,44,44,49,11,48,24,83,44,88,95,93,93,90,81,117,132,119,143,137,134,143,110,112,96,96,85,77,77,91,101,101,90,81,84,82,52,79,96,81,79,69,75,92,48,140,116,115,100,117,130,83,87,110,103,99,15,122,129,115,119,112,-55,-26,-19,-69,-61,-78,-130,-155,-150,-154,-165,-176,-180,-94,-94,-115,-126,-113,-135,-170,-179,-174,-227,-228,-228,-238,-236,-247,-261,-198,-201,-222,-258,-283,-309,-284,-309,-334]} 1. e4 c5 {Runde 42: Sizilianisch / Diese Partie wird von beiden Geräten einfach nicht verstanden, zunächst bietet Lyon 68020 einen ganz schwachen Damentausch an, der Schwarz von allen Sorgen befreit hätte, aus völlig unverständlichen Gründen lehnt Star Diamond dieses Angebot ab, in weiterer Folge kommt ein klarer Programmfehler von Star Diamond ans Tageslicht, für den Zug 14. h5 ???? dürfte wohl auch Kurt keine Erklärung finden, LOL . Was sich dann aber in weiterer Folge ereignet ist einfach eine hoffnungslose Überforderung beider Geräte, nach zahlreichen gravierenden Fehlern von beiden Seiten und unzähligen vergebenen Gewinnchancen von Lyon 68020 macht dieser am Ende sogar noch den absoluten Verlustzug 41. gxh4 ?? und verschenkt am Schluss noch den ganzen Punkt. Eine ganz bittere weil völlig unnötige Niederlage für Lyon 68020, der damit wohl schon den Wettkampf verliert, 5 Punkte Rückstand in 8 Runden sind wohl kaum noch aufzuholen. Stand: 23,5 : 18,5 ---> für Novag Star Diamond (55,95 %)} 2. Nf3 d6 3. Bb5+ Bd7 4. Bxd7+ Qxd7 5. O-O Nf6 6. e5 dxe5 7. Nxe5 {Buchende} Qc7 {Buchende} 8. Re1 {Buchbewertung Mephisto Lyon 68020: +0,21} Nc6 {Buchbewertung Novag Star Diamond: -0,57 / lt. Stockfish ist die Stellung exakt gleich 0,00} 9. Nxc6 Qxc6 10. d3 O-O-O {nicht ideal, Schwarz sollte die kurze Rochade anstreben mittels e6 oder g6, Stockfish -0,60} 11. Nd2 e6 12. Qf3 $4 {das ist natürlich ganz schwach, hier einen Damentausch anzubieten befreit Schwarz von allen Sorgen angesichts der etwas unsicher aussehenden Königsstellung, danach ist die Stellung im Lot.} Qa4 $2 {unfassbar schlecht hier den Damentausch zu verweigern, danach ist Weiss bereits klar im Vorteil, Stockfish -1,60, selbstverständlich Dxf3 !} 13. Nb3 $4 {ein ganz schlechter Zug, der den gesamten Vorteil gleich wieder verspielt, danach kann Schwarz wieder den Damentausch erzwingen mittels Dg4, nötig war Sc4 mit klarem Vorteil für Weiss} Bd6 $2 {ein schwacher Zug, verpasst den möglichen Damentausch mit Dg4 wie gesagt, Stockfish -0,70} 14. Bg5 h5 $2 {[%mdl 2] also dafür fehlen mir die passenden Worte um ehrlich zu sein, ein völlig unerklärlicher Zug, der nur noch als klarer PROGRAMMFEHLER bezeichnet werden kann, warum nicht Le7 ??, Stockfish -1,50} ({Stockfish dev-20230922-70ba9de8:} 14... Be7 15. Be3 Rd5 16. c4 Rxd3 17. Qe2 Rhd8 18. Bxc5 R3d7 19. Qe3 h6 20. h3 Rd3 21. Qe2 R3d7 22. Bxe7 Rxe7 23. Qe3 Rc7 24. Rac1 Qa6 25. Qg3 Qc6 26. c5 Nh5 27. Qh4 Nf6 28. Na5 Qb5 29. b4 Qd3 30. Red1 Qxd1+ 31. Rxd1 Rxd1+ 32. Kh2 b6 33. Nb3 Rd5 {[%eval 77,29] [%wdl 259,741,0]}) 15. Bxf6 {natürlich} gxf6 16. Qxf6 Qd7 17. Nd2 Bb8 $4 18. Re4 $1 Rhg8 19. g3 Rg6 20. Qf3 Rg5 21. Rc4 Rf5 22. Qe3 b6 23. Qe4 Rd5 $2 24. Nf3 b5 25. Rc3 Bc7 26. a3 $2 {ein schwacher Zug, der ca. 1 Bauerneinheit einbüsst, deutlich stärker ist Te1 oder a4 mit ca. +2,50, Stockfish +1,60} Kb8 $2 {klar zu bevorzugen ist f5, Stockfish -2,20} 27. Qe3 $2 {ein schwacher Zug, deutlich stärker ist a4, Stockfish +1,50} Bb6 28. Ne5 $4 {ein grottenschlechter Zug, der den gesamten Vorteil verschenkt, danach ist die Stellung bereits im Lot, die Dame sollte aus dem Schussfeld des Läufers gehen mit De2 !} Qc7 $2 {ein schlechter Zug, danach ist Weiss wieder im Vorteil, Ausgleich hätte Db7 gebracht, Stockfish -1,00} 29. Re1 f6 30. Nf3 Rf5 $4 {ganz schlecht, danach ist die Partie bereits verloren lt. Stockfish, -2,00, deutlich stärker ist e5 mit ca. -1,00} 31. Re2 $2 {verloren ist die Partie aber natürlich nur lt. Stockfish 16, Lyon 68020 setzt aber nicht richtig fort und verspielt gleich wieder den Grossteil des Vorteiles, Stockfish +0,80, nötig war De4} Qb7 32. Nd2 Re5 $4 {ein grottenschlechter Zug, der den Nachteil von Schwarz verdoppelt, Stockfish -1,60, nötig war Dd7} 33. Qf4 Bc7 34. Re3 $1 Rf5 {besser ist noch c4, Stockfish -2,20} 35. Qe4 Ba5 36. b4 Qxe4 37. Rxe4 Bb6 38. Rxe6 $2 {ein grottenschlechter Zug, der auf einen Schlag den gesamten Vorteil verschenkt, danach ist die Partie bereits Remis, Stockfish 0,00, gewonnen hätte Te2 mit ca. +2,20} cxb4 39. axb4 Bxf2+ 40. Kh1 h4 41. gxh4 $2 {ein absoluter Verlustzug, danach ist die Partie sofort verloren, Stockfish -4,00, nötig war g4 mit Ausgleich} Rg8 $1 {richtig} 42. h3 Bd4 43. Rcc6 Rf2 44. Rcd6 Be5 45. Rxe5 fxe5 46. Ne4 Rxc2 47. Rd5 Kc7 48. Rxe5 Rd8 49. Nc5 Kc6 {die beiden Geräte sehen noch keinen klaren Gewinn für Schwarz, Novag Star Diamond: +0,65} 50. Re6+ {Mephisto Lyon 68020: -0,57 / Stockfish -5,50} Kd5 51. Rf6 Rb2 52. Rf5+ Kc6 53. Rf6+ {Lyon 68020: -1,75} Rd6 {Novag Star Diamond: +1,38} 54. Rxd6+ Kxd6 55. Na6 Ke5 56. Kg1 Rb3 57. h5 Rxd3 58. Kg2 Rd4 59. Kg3 Kf5 {Rest geschenkt} 0-1

[Event "Turnier 40 / 120"]
[Site "Wien"]
[Date "2023.09.29"]
[Round "43"]
[White "Novag Star Diamond"]
[Black "Mephisto Lyon 68020"]
[Result "0-1"]
[WhiteElo "2161"]
[BlackElo "2172"]
[Annotator "Christian"]
[PlyCount "84"]
[EventDate "2023.??.??"]

{[%evp 0,84,19,31,19,0,23,22,31,29,51,48,50,66,32,42,50,39,39,45,51,44,44,56,75,29,31,22,18,34,25,31,26,33,28,28,14,18,11,17,17,0,-4,0,0,0,13,0,0,-82,-75,-84,-71,-133,-142,-150,-143,-141,-133,-133,-149,-149,-120,-163,-162,-165,-159,-168,-177,-242,-225,-246,-233,-228,-236,-236,-251,-238,-238,-240,-237,-233,-244,-244,-244,-236,-247]} 1. d4 d5 {Runde 43: Damengambit, Halbslawisch / Bis zum Endspiel eine völlig ausgeglichene Partie ohne Besonderheiten, dieses vergurkt dann Star Diamond mit den ganz schwachen Zügen 24. Te7 ?? und gleich darauf nach 26. Td7 ??? ist die Partie verloren. Lyon 68020 kann eine Niederlagenserie von zuletzt 4 Pleiten in Folge damit beenden und schreibt erstmals an in der letzten Staffel, wahrscheinlich aber trotzdem schon zu spät. / Stand: 23,5 : 19,5 ---> für Novag Star Diamond (54,65 %)} 2. c4 c6 3. Nc3 Nf6 4. e3 e6 5. Nf3 Bd6 6. Bd3 Nbd7 7. e4 dxe4 8. Nxe4 Nxe4 9. Bxe4 O-O 10. O-O h6 11. Bc2 e5 12. b4 Bxb4 13. dxe5 {Buchende} Nc5 {Buchende / ein nicht idealer Buchzug, deutlich besser ist Te8} 14. Be3 $2 {Buchbewertung Novag Star Diamond: +0,23 / ein schlechter erster berechneter Zug, deutlich besser ist der noch im Buch von Lyon 68020 gespeicherte Zug 14. De2, danach wäre Weiss bereits klar im Vorteil gewesen mit ca. +1,00, nach dem Textzug ist die Stellung im Lot, Stockfish 0,00} Qxd1 $1 {Buchbewertung Mephisto Lyon 68020: -0,42 / der richtige Zug, Novag Star Diamond wollte hier seinen Gegner auf das Glatteis führen und schlug 14. Db6 ?? vor, danach wäre die Partie sofort verloren gewesen mit ca. -5,00 !!!} 15. Rfxd1 Ba3 16. Rab1 Be6 17. Bxc5 Bxc5 18. Rxb7 Bxc4 19. Bb3 Bxb3 20. axb3 Rab8 21. Rdd7 Rxb7 22. Rxb7 f6 23. b4 Bb6 24. Re7 $4 {[%mdl 2] ein ganz schlechter Zug, danach ist Schwarz klar im Vorteil, Stockfish -1,60, nötig war g3 mit Ausgleich} ({Light 5.1-avx2:} 24. g3 fxe5 25. Nxe5 Bxf2+ 26. Kg2 Bb6 27. Nxc6 Rf2+ 28. Kh3 Rf7 29. Rb8+ Kh7 30. Kg4 Rc7 31. b5 Rd7 32. Rf8 Rd5 33. Rf5 Rd6 34. Ne7 Rd4+ 35. Kf3 Rb4 36. Nc8 Rb3+ 37. Kg2 Rb2+ 38. Kh1 Kg8 39. Rd5 Be3 40. Rd7 Rxb5 41. Nxa7 Rc5 42. Kg2 Rc2+ 43. Kh1 {[%eval -4,40] [%wdl 3,991,6]}) 24... fxe5 25. h3 $2 {nochmals klar schwächer als Txe5, nach dem Textzug ist die Partie bereits klar verloren, Stockfish -2,50} Rf4 26. Rd7 $2 {also das ist einfach völliger Schwachsinn, danach ist alles sofort vorbei, Stockfish -4,00, weit mehr Widerstand leistet natürlich noch Sxe5} Rxb4 27. Nxe5 c5 {deutlich schwächer als a5, aber völlig ausreichend, Stockfish +3,20} 28. Re7 c4 29. Re8+ Kh7 30. Rc8 c3 $2 {ein schwacher Zug, deutlich besser ist Tb1+ mit ca. +4,00, Stockfish +3,00} 31. Kf1 $2 {ein schlechter Zug, deutlich mehr Widerstand leistet noch Sd3, Stockfish -4,50} Rb1+ {auch nicht optimal, besser ist Tb2, aber völlig ausreichend natürlich, Stockfish +4,00} 32. Ke2 Rb2+ 33. Kd3 Rxf2 34. Kxc3 {etwas besser ist noch g4, spielt aber hier keine Rolle mehr, Stockfish -4,70} Rxg2 35. h4 Bf2 36. h5 Rh2 37. Ng6 Be1+ 38. Kd4 Rxh5 39. Nf8+ Kg8 40. Ng6+ Kf7 41. Nh8+ Kf6 42. Rf8+ Kg5 {angesichts von 3 ganzen Minusbauern erspare ich hier Star Diamond die unvermeidliche Hinrichtung, Userentscheid: 0-1} 0-1

[Event "Turnier 40 / 120"]
[Site "Wien"]
[Date "2023.09.30"]
[Round "44"]
[White "Mephisto Lyon 68020"]
[Black "Novag Star Diamond"]
[Result "1-0"]
[WhiteElo "2172"]
[BlackElo "2161"]
[Annotator "Christian"]
[PlyCount "92"]
[EventDate "2023.??.??"]

{[%evp 0,92,27,27,14,20,27,-10,22,21,11,28,36,22,26,22,50,36,29,43,3,3,81,49,42,19,25,19,45,55,25,33,37,25,21,37,40,40,25,0,12,-23,-37,-56,-30,-49,-38,-47,-38,-32,-26,-31,31,-36,-5,-16,-26,-4,27,17,67,72,96,124,181,190,231,222,203,112,124,117,117,129,202,560,556,110,112,98,102,103,103,143,156,165,176,167,175,164,206,192,203,215,302]} 1. Nf3 d5 {Runde 44: Damengambit Slawisch, Abtauschvariante / Eine schlechte Partie eigentlich von beiden Geräten, hier verdient sich aber Star Diamond redlich die Niederlage mit den beiden man kann hier leider nur sagen idiotischen Königszügen 25. Kh8 ?? und 28. Kg8 ??, danach kann man sich jeden weiteren Kommentar schenken. Lyon 68020 kann die Staffel wieder ausgleichen. Stand: 23,5 : 20,5 ---> für Novag Star Diamond (53,41 %)} 2. d4 Nf6 3. c4 c6 4. cxd5 cxd5 5. Nc3 Nc6 6. Bf4 e6 7. e3 Be7 8. Bd3 O-O 9. O-O Nh5 10. Be5 {Buchende} f5 {Buchende / dieser Buchzug ist nicht optimal, besser ist f6} 11. Nb5 {Buchbewertung Mephisto Lyon 68020: +0,54} Nxe5 $2 {ein schlechter erster berechneter Zug, danach steht Weiss bereits klar besser, Stockfish -1,20, deutlich besser ist Ld7 mit nur ca. -0,40} ({Light 5.1-avx2:} 11... Bd7 12. Bc7 Qc8 13. Bd6 Bxd6 14. Nxd6 Qb8 15. Nb5 Nf6 16. Nc3 Be8 17. Ne2 Bh5 18. Nf4 Bxf3 19. Qxf3 Qd6 20. h4 Rfc8 21. Rfc1 Nb4 22. Rxc8+ Rxc8 23. Bf1 Kf7 24. Qd1 g6 25. Rc1 Rxc1 26. Qxc1 Qc6 27. Qd2 Qb6 28. a3 Nc6 29. Qc2 Ne8 30. Be2 Ke7 31. Nd3 Qc7 {[%eval 45,39] [%wdl 61,939,0]}) 12. Nxe5 $2 {Lyon 68020 verpasst aber den klaren Vorteil und wählt die falsche Schlagoption, nach dem Textzug ist praktisch der gesamte Vorteil dahin, Stockfish +0,20 (büsst eine ganze Bauerneinheit ein), nach dxe5 wäre natürlich das mächtige Feld d4 frei für den weissen Springer, wo er strategisch eine Grossmacht wäre ausserdem hätte der schwarze Springer nicht zurück nach f6 gekonnt, schade um diese Chance} Nf6 13. Rc1 a6 14. Nc7 {lt. Stockfish ist das nur um ca. 0,1 Bauerneinheiten schlechter als 14. Sc3, mir persönlich gefällt dieser Zug aber überhaupt nicht würde ich niemals spielen, da der weisse Springer kein Rückzugsfeld mehr hat und Weiss in der Folge sehr genau spielen muss um nicht zu verlieren, lt. Stockfish ist die Stellung exakt im Lot 0,00} Rb8 {Star Diamond wählt von nur 2 Möglichkeiten die schlechtere, der Turm gehört nach a7, danach könnte Weiss aber den Springer doch noch retten mittels Da4, danach könnte der Springer wieder nach b5, da ja nach axb5 der Turm a7 weg wäre, Lyon 68020 hatte das auch so in seinen Berechnungen gehabt, also eine Katastrophe wäre es wohl nicht gewesen für Weiss, nach dem Textzug ist Weiss knapp im Vorteil mit ca. +0,30} 15. Qb3 $1 {richtig, ganz schlecht wäre der von Star Diamond vorgeschlagene Zug 15. Dc2 ?? gewesen, danach wäre die Partie bereits verloren mit ca. -2,50} Qd6 {etwas besser ist Ld6, Stockfish -0,50} 16. Rc3 Nd7 $2 {ein schwacher Zug, danach steht Weiss besser, Stockfish -1,00, deutlich besser ist Sg4 mit nur ca. -0,20} 17. f4 $1 {richtig} Nxe5 {besser ist Sf6, Stockfish -1,30} 18. fxe5 Qb4 19. Qxb4 Bxb4 20. Rc2 $2 {ein ganz schlechter Zug, danach ist der gesamte Vorteil dahin, Stockfish 0,00, nötig war Tb3 mit ca. +1,30} Bd7 21. Rfc1 Rbc8 22. a3 Be7 23. Kf2 Bd8 {besser ist g5, Stockfish -0,60} 24. g3 {besser ist Tc3, die Stellung ist im Lot} Bg5 $2 {ein schlechter Zug, danach steht Weiss besser, Stockfish -1,00, nötig war Tf7 mit Ausgleich} 25. b4 Kh8 $2 {absoluter Schwachsinn, danach ist die Partie bereits verloren, Stockfish -3,00, nötig war Le7 mit ca. -1,00} 26. h4 {besser ist b5, Stockfish +2,20} Be7 27. b5 a5 28. Rc3 Kg8 $2 {der nächste völlig idiotische Königszug, danach ist die Partie bereits klar verloren, Stockfish -3,40, Schwarz hätte natürlich den Vormarsch des weissen B-Bauern stoppen müssen mit 28. b6, auch danach steht Weiss natürlich klar besser, aber nun kann Weiss seinen Springer mittels b6 einzementieren, danach ist nichts mehr zu retten für Schwarz, hier kann man sich dann schon jeden weiteren Kommentar ersparen, es sei denn Lyon 68020 macht noch einen Megabock} 29. b6 $1 {na klar hier fragt man sich, was sonst, Star Diamond hätte den idiotischen Antwortzug Kg1 ??? erwartet, danach wäre Weiss nur noch mit ca. +1,00 im Vorteil gewesen / letzter Kommentar vorerst} g5 $2 30. hxg5 Bxg5 31. Rc5 a4 32. Bb5 Bxb5 33. Nxe6 Bc4 34. Rxc8 Rxc8 35. Nxg5 Rc6 36. e6 h6 37. e7 Rc8 38. Ne6 {deutlich schneller gewinnt Txc4, aber hier schon egal} Kf7 39. Nc7 Kxe7 40. Nxd5+ Kd7 41. Nb4 h5 42. Rc2 Kd6 43. Nd3 Be6 44. Nc5 $2 {naja das ist natürlich schwach, Txc8 und alles ist erledigt, aber natürlich gewinnt auch der Textzug, Stockfish +5,00} Kd5 45. Kf3 Rc6 46. Rb2 Rxc5 $2 {dazu gebe ich keinen Kommentar mehr und ziehe sofort den Stecker, Userentscheid 1-0} 1-0